000 00668nam a2200277Ia 4500
005 20260320195919.0
008 008 262003s9999 xx 000 0 hin d
020 _a9788119996667
037 _aEBOOK
040 _aCRL
040 _bhin
040 _cCRL
041 _2hin
041 _ahin
084 _qCRL
100 _aकुणाल सिंह
_91133528
245 0 _aअन्य कहानियाँ तथा झूठ
250 _a1st
260 _bRajkamal
260 _c2024
300 _a216
856 _uhttps://ebook.indiaread.in/pdfs/9788119996667.pdf
942 _cEBOOK
999 _c1717163
_d1717163